书目信息 |
| 题名: |
水泵及水泵站 第四版
|
|
| 作者: | 姜乃昌 主编 | |
| 分册: | ||
| 出版信息: | 北京 中国建筑工业出版社 1998.06 |
|
| 页数: | 236页 | |
| 开本: | 16开 | |
| 丛书名: | ||
| 单 册: | ||
| 中图分类: | TU991.35-43 | |
| 科图分类: | ||
| 主题词: | 给水工程:市政工程 , 城市供水系统 | |
| 电子资源: | ||
| ISBN: | 7-112-01826-9 | |
| 000 | 00595nam0 2200193 45 | |
| 001 | 0012101080 | |
| 005 | 20121024144053.92 | |
| 010 | @a7-112-01826-9@d12.80元 | |
| 100 | @a20001210d1998 km y0chiy0120 ea | |
| 101 | 0 | @achi |
| 200 | 1 | @a水泵及水泵站 第四版@AShui Beng Ji Shui Beng Zhan Di Si Ban@f姜乃昌主编@FJiang Nai Chang Zhu Bian |
| 210 | @a北京@c中国建筑工业出版社@d1998.06 | |
| 215 | @a236页@d16开 | |
| 606 | 0 | @a给水工程:市政工程 |
| 606 | 0 | @a城市供水系统 |
| 690 | @aTU991.35-43@v3 | |
| 701 | 0 | @a姜乃昌@4主编 |
| 801 | @aCN@bPftUser@c20001210 | |
| 905 | @b302191-195@dTU991.35-43@eJ117=4@f5 | |
| 水泵及水泵站 第四版/姜乃昌主编.-北京:中国建筑工业出版社,1998.06 |
| 236页;16开 |
| ISBN 7-112-01826-9:12.80元 |
| ● |
| 相关链接 |
|
|
|
正题名:水泵及水泵站 第四版
索取号:TU991.35-43/J117=4
 
预约/预借
| 序号 | 登录号 | 条形码 | 馆藏地/架位号 | 状态 | 备注 |
| 1 | 302191 | 203021915 | 自科二线404/404自科库 19排3列3层/ [索取号:TU991.35-43/J117=4] | 在馆 | |
| 2 | 302192 | 203021924 | 建筑库201/201建筑库 134排1列4层/ [索取号:TU991.35-43/J117=4] | 在馆 | |
| 3 | 302193 | 203021933 | 市政与环境工程学院资料室/101建筑库 97排3列3层/ [索取号:TU991.35-43/J117=4] | 在馆 | |
| 4 | 302194 | 203021942 | 自科二线404/404自科库 19排4列5层/ [索取号:TU991.35-43/J117=4] | 在馆 | |
| 5 | 302195 | 203021951 | 自科二线404/404自科库 19排3列3层/ [索取号:TU991.35-43/J117=4] | 在馆 | |
| 6 | 490322 | 204903220 | 建筑库201/201建筑库 134排1列4层/ [索取号:TU991.35-43/J117=4] | 在馆 |